Bread Around the World Quiz - Statistics

General Stats
  • This quiz has been taken 82 times
  • The average score is 10 of 16
Answer Stats
Picture Hint Answer % Correct
Baguette France
99%
Focaccia Italy
88%
Naan India
86%
Ciabatta Italy
86%
Brioche France
77%
Roti India
68%
Pão de Queijo Brazil
65%
Rugbrød Denmark
58%
Dosa India
58%
Challa Israel
57%
Soda Bread Ireland
55%
Bagel Poland
49%
Pai Bao China
45%
Injera Ethiopia
42%
Lavash Armenia
25%
Nan-e Barbari Iran
22%
No matching quizzes found
Score Distribution
Percent of People with Each Score
Percentile by Number Answered
Your Score History
You have not taken this quiz